000 00963 a2200241 4500
001 47499
005 20260407155742.0
008 260407a1982 arg spa d
003 AR-UNSa-BCEJYS
040 _aAR-UNSa-BCEJYS
_bspa
_cAR-UNSa-BCEJYS
080 _a001.8
_xMetodología. Estudio general del método. Procedimientos científicos y técnicos para el estudio, La investigación y la discusión
245 1 0 _aEl espacio de Eistein y el cielo de Van Gogh
020 _a84-7432-226-X
264 1 _aBarcelona :
_bGedisa
_c1982
300 _a257 p.
_c23 cm.
505 _a1. Las significaciones de la realidad - 2. La busca de la verdad científica - 3. Dominios de las Ciencias Sociales.
942 _cBK
590 _aniveau_biblio:m niveau_hierar:0
100 1 _aBixio, Alberto L.
700 1 _aMargenau, Henry
700 1 _aLeShan, Lawrence
856 4 1 _uhttps://www.biblioeco.unsa.edu.ar/pmb/images/libros/L127533.jpg
_yImagen de portada
_qimage/jpeg
999 _c4390
_d4390